00833nam a22002417a 45000010005000000030006000050050017000110080041000280200018000690400029000870500014001160820012001301000022001422450091001642600038002553000059002935050007003525200133003595210018004925210018005106500028005287000035005566357FISKH20250512151845.0250424b cb ||||| |||| 00| 0 eng d a9780590447256 aFISKHbengcFISKHdFISKH aPZ8.G94 I a808.068 aGuarino, Deborah  aIs your mama a Llama? cWritten by by Deborah Guarino ; Illustrated by Steven Kellogg  aNew York : bScholastic, c1989.  a32 unnumbered pages : bcolor illustrations ; c26 cm  aE  aA young llama asks his friends if their mamas are llamas and finds out, in rhyme, that their mothers are other types of animals.8 a290 bLexile 8 aE bRaz-Plus  aBaby Animals vBig Book aKellogg, Steven eillustrator